000
00294nam a2200121Ia 4500
999
_c
14310
_d
14310
008
260210s9999 xx 000 0 und d
020
_a
9780727764553
082
_a
693.852
100
_a
Grant
245
0
_a
Earthquake Design Practice For Buildings, 4Th Ed.
260
_b
TTL
942
_c
UG
_2
ddc